| 000 | 00438nam a2200193Ia 4500 | ||
|---|---|---|---|
| 005 | 20250423101139.0 | ||
| 008 | 250422s9999 xx 000 0 und d | ||
| 020 | _a0-321-29150-6 | ||
| 050 | _aPE 1408 .R18/ | ||
| 100 | _aJohn D. Ramage | ||
| 245 | 4 | _aThe Allyn & Bacon guide to writing | |
| 250 | _a4th ed. | ||
| 260 | _aNew York | ||
| 260 | _bPearson | ||
| 260 | _c2006 | ||
| 300 | _a848 p | ||
| 650 | _aEnglish | ||
| 942 | _cBK | ||
| 999 |
_c35433 _d35433 |
||